| 000 | 00525nam a2200157 a 4500 | ||
|---|---|---|---|
| 008 | 120416s0000 ||||||||||||||||| || u | ||
| 020 | _a0224015923 | ||
| 050 | _aPS 3503.R2736 Bra | ||
| 100 | _aBrautigan, Richard | ||
| 245 | 1 | 0 | _aDreaming of Babylon |
| 246 | _aa private eye novel 1942 | ||
| 260 |
_aLondon _bJonathan Cape _c1978 |
||
| 300 | _axii, 220p. : ill. | ||
| 350 | _a0.00 | ||
| 995 |
_D0.00 _FCBU-MAIN LIBRARY (Kitwe) _H1 _I3.95 _M1 _UAVAILABLE _ZFiction Collection |
||
| 999 |
_c40494 _d40494 |
||